| 000 | 00374nam a22001217a 4500 | ||
|---|---|---|---|
| 082 | _a220 PRO | ||
| 100 |
_aMUHAMMAD BILAL TOOBA RAFIQUE FILZA ALI _971357 |
||
| 245 | _aPR-SOF-1639-RFID BASED SMART TICKETING SYSTEM | ||
| 260 |
_aISLAMABAD _bNUST COLLEGE OF EME _c2017 |
||
| 650 |
_aDE-COMP-35 _971358 |
||
| 700 |
_aDR SHOAB AHMED KHAN DR WASI HAIDER BUTT _971359 |
||
| 942 | _cCR | ||
| 999 |
_c577921 _d577921 |
||